000
00367nam a22001577a 4500
003
MPLRDC
005
20220104114358.0
008
210129b ||||| |||| 00| 0 eng d
082
_a
857.623 MRYJ
100
_a
慕容羽军
245
_a
猎鬼夜谭
_c
260
_a
_b
奔马出版社
_c
1986
300
_b
平
650
_a
灵异小说
942
_c
BK
_o
857.623 MRYJ
999
_c
7022
_d
7012